Tous les pilotes de Formule 1 depuis 2013 - Statistiques

Statistiques générales
  • Ce quiz a été pris 4 255 fois
    168 depuis la dernière actualisation
  • Le résultat moyen est 41 sur 67
Statistiques - réponses
Saisons disputées Nationalité Pilote % Correct
[2013;2026] Britannique Lewis Hamilton
98%
[2013;2022] Allemand Sebastian Vettel
97%
[2013;2024] et 2026 Mexicain Sergio Perez
97%
[2018;2026] Monégasque Charles Leclerc
95%
[2013;2024] Australien Daniel Ricciardo
95%
[2013;2018] et [2021;2026] Espagnol Fernando Alonso
95%
[2013;2024] et 2026 Finlandais Valtteri Bottas
95%
[2016;2018] et [2020;2026] Français Esteban Ocon
93%
[2017;2026] Français Pierre Gasly
93%
[2013;2020] et [2022;2026] Allemand Nico Hulkenberg
92%
[2017;2026] Canadien Lance Stroll
91%
[2014;2026] Néerlandais Max Verstappen
90%
[2014;2026] Espagnol Carlos Sainz
89%
[2013;2021] Finlandais Kimi Raikkonnen
89%
[2019;2026] Britannique Lando Norris
89%
[2019;2020] et [2022;2026] Thaïlandais Alexander Albon
88%
2025 et 2026 Français Isack Hadjar
88%
[2023;2026] Australien Oscar Piastri
88%
[2013;2020] Français Romain Grosjean
87%
[2021;2025] Japonais Yuki Tsunoda
87%
2025 et 2026 Italien Kimi Antonelli
86%
[2024;2026] Argentin Franco Colapinto
84%
2025 et 2026 Brésilien Gabriel Bortoleto
84%
[2022;2024] Chinois Guanyu Zhou
83%
[2023;2026] Néo-Zélandais Liam Lawson
83%
[2014;2020] et [2022;2024] Danois Kevin Magnussen
82%
2021 Russe Nikita Mazepin
82%
[2013;2016] Allemand Nico Rosberg
81%
[2019;2026] Britannique George Russell
79%
2021 et 2022 Allemand Mick Schumacher
78%
[2024;2026] Britannique Oliver Bearman
76%
[2020;2022] Canadien Nicholas Latifi
68%
2026 Britannique Arvid Lindblad
66%
2023 et 2024 Américain Logan Sargeant
66%
2022 et 2023 Néerlandais Nyck de Vries
65%
2017 et[2019;2021] Italien Antonio Giovinazzi
63%
[2014;2017] et [2019;2020] Russe Daniil Kvyat
63%
2019 et 2021 Polonais Robert Kubica
62%
2024 et 2025 Australien Jack Doohan
59%
[2014;2017] Bresilien Felipe Massa
58%
[2013;2015] Vénézuélien Pastor Maldonado
58%
[2013;2017] Britannique Jenson Button
55%
2013 et 2014 Français Jules Bianchi
53%
2013 et 2014 Français Jean Eric Vergne
47%
2013 Australien Mark Webber
45%
[2014;2018] Suédois Marcus Ericsson
43%
2020 Brésilien Pietro Fittipaldi
41%
[2016;2018] Belge Stoffel Vandoorne
39%
2014 Japonais Kamui Kobayashi
33%
[2013;2014] et 2016 Mexicain Esteban Gutierrez
31%
2018 Russe Sergey Sirotkin
30%
2017 et 2018 Néo-Zélandais Brendon Hartley
29%
2013 Français Charles Pic
28%
2013 Finlandais Heikki Kovalainen
28%
2015 et 2016 Brésilien Felipe Nasr
27%
2016 et 2017 Britannique Jolyon Palmer
27%
2020 Britannique Jack Aitken
25%
2016 Indonesien Rio Haryanto
20%
2013 et 2014 Allemand Adrian Sutil
19%
2016 et 2017 Allemand Pascal Wehrlein
18%
2015 Américain Alexander Rossi
14%
2013 et 2014 Britannique Max Chilton
14%
2013 et 2017 Britannique Paul Di Resta
13%
2015 Espagnol Roberto Merhi
12%
2014 Allemand André Lotterer
10%
2013 Néerlandais Giedo van der Garde
10%
2014 et 2015 Britannique Will Stevens
9%
Aucun quiz correspondant
Distribution des résultats
% des personnes avec chaque résultat
Percentile par nombre de réponses
Votre historique - résultats
Vous n’avez pas pris ce quiz depuis la dernière actualisation